| 000 | 00912nam a22002415a 4500 | ||
|---|---|---|---|
| 003 | OSt | ||
| 005 | 20170319121239.0 | ||
| 008 | 170313s2005 ua frb 000 0 ara d | ||
| 015 | _a2005 / 22987 | ||
| 020 | _a9770448591 | ||
| 040 |
_aEG-ScBUE _bara _cEG-ScBUE |
||
| 043 | _af-ua--- | ||
| 082 | 0 | 4 |
_a344.6201891 _bع ب د _222 |
| 100 | 1 | _aعبد الحليم، سلامة عبد التواب. | |
| 245 | 1 | 2 |
_aالتزام العامل بعدم منافسة صاحب العمل : _bدراسة مقارنة / _cسلامة عبد التواب عبد الحليم. |
| 260 |
_aالقاهرة : _bدار النهضة العربية، _c[2005] |
||
| 300 |
_a143 ص. ؛ _c24 سم. |
||
| 504 | _aيشتمل على إرجاعات ببليوجرافية. | ||
| 650 | 7 |
_aالعمل والعمال _xقوانين وتشريعات _zمصر. _2BUEsh _910938 |
|
| 651 | _2BUEsh | ||
| 653 |
_bLLAAWW _cMarch2017 |
||
| 942 | _2ddc | ||
| 999 |
_c24472 _d24444 |
||